Catálogo
 En Linea

Contabilidad de costos : (Registro nro. 36837)

Detalles MARC
000 -CABECERA
campo de control de longitud fija 00657nam a2200193 a 4500
001 - NÚMERO DE CONTROL
campo de control 000037347
005 - FECHA Y HORA DE LA ÚLTIMA TRANSACCIÓN
campo de control 20200930080315.0
008 - DATOS DE LONGITUD FIJA--INFORMACIÓN GENERAL
campo de control de longitud fija 120328s1980 xxu 000 0 spa d
020 ## - NÚMERO INTERNACIONAL ESTÁNDAR DEL LIBRO
Número Internacional Estándar del Libro 0538228601
040 ## - FUENTE DE LA CATALOGACIÓN
Centro catalogador/agencia de origen DO-SdBNP
Lengua de catalogación spa
Centro/agencia transcriptor BNPHU
082 ## - NÚMERO DE LA CLASIFICACIÓN DECIMAL DEWEY
Número de clasificación xxxxxxx
Número de documento/Ítem xxxxxxx
100 1# - ENTRADA PRINCIPAL--NOMBRE DE PERSONA
Nombre de persona Matz, Adolph
9 (RLIN) 63812
245 10 - MENCIÓN DE TÍTULO
Título Contabilidad de costos :
Resto del título planificación y control /
Mención de responsabilidad, etc. Adolph Matz, Milton F. Usry ; traducción Braulio Vásquez Gallardo.
260 ## - PUBLICACIÓN, DISTRIBUCIÓN, ETC.
Lugar de publicación, distribución, etc. Cincinnati, :
Nombre del editor, distribuidor, etc. South-Western,
Fecha de publicación, distribución, etc. 1980.
300 ## - DESCRIPCIÓN FÍSICA
Extensión v. ;
Dimensiones 24 cm.
500 ## - NOTA GENERAL
Nota general La biblioteca posee el volumen 2
700 1# - PUNTO DE ACCESO ADICIONAL--NOMBRE DE PERSONA
Nombre de persona Usry, Milton F.
9 (RLIN) 63813
700 1# - PUNTO DE ACCESO ADICIONAL--NOMBRE DE PERSONA
Nombre de persona Vásquez Gallardo, Braulio,
Término indicativo de función/relación tr.
9 (RLIN) 63814
Existencias
Estado de retiro Estado de pérdida Restricciones de uso No para préstamo Código de colección Localización permanente Ubicación/localización actual Ubicación en estantería Fecha de adquisición Número de inventario Total de préstamos Signatura topográfica completa Código de barras Fecha visto por última vez Precio válido a partir de Tipo de ítem Koha Número de copia
      Excluido de préstamo Monografías: Libros y Folletos General General Depósito 28.03.2012 LF1   v. 1 37347-10 25.06.2020 25.06.2020 No se presta  
  Extraviado   Excluido de préstamo Monografías: Libros y Folletos General General Extraviado 07.02.2014 LF1   xxxxxxx xxxxxxx 37347-20 25.06.2020 25.06.2020 No se presta e. 2
  Extraviado     Monografías: Libros y Folletos General General Extraviado 21.02.2014 LF1   xxxxxxx xxxxxxx 37347-30 25.06.2020 25.06.2020 Préstamo en sala e. 3
        Monografías: Libros y Folletos General General Orden iniciada 28.03.2012 LF1   xxxxxxx xxxxxxx 37348-10 25.06.2020 25.06.2020 No se presta  
        Monografías: Libros y Folletos General General Orden iniciada 28.03.2012 LF1   xxxxxxx xxxxxxx 37349-10 25.06.2020 25.06.2020 No se presta  

Con tecnología Koha